Music Quiz

Random Music or Animal Quiz

Quick Pick: Porcine Plainsongs Quiz Stats

 Plays Quiz not verified by Sporcle

Score 0/15 Timer 01:30
0 Plays Today
% Correct
Gettin' Piggy wit It
74.7%
Piggy Stardust
73.6%
Pig Yellow Taxi
68.1%
Pig Girls Don't Cry
68.1%
In a Pig Country
61.5%
Pig Pimpin'
59.3%
Pig Shot
52.7%
Pig Time
40.7%
% Correct
Pig a Pony
39.6%
The Great Pig in the Sky
38.5%
Pig Spender
37.4%
The Pig Bright Green Pleasure Machine
30.8%
Pig Me
29.7%
Pig Your Own Hole
29.7%
Pig Man with a Gun
25.3%

You're not logged in!

Compare scores with friends on all Sporcle quizzes.
OR
Log In

Sporcle TV

Today on Sporcle TV


Watch our educational content, quiz creation guides, and fun videos on Sporcle TV.

Show Comments

Extras

Top Quizzes Today


Score Distribution

Your Account Isn't Verified!

In order to create a playlist on Sporcle, you need to verify the email address you used during registration. Go to your Sporcle Settings to finish the process.

Report this User

Report this user for behavior that violates our Community Guidelines.

Details: